[Event "Montigny le Bretonneux 1hKO 20th"]
[Site "Montigny le Bretonneux"]
[Date "2016.05.08"]
[Round "7.12"]
[White "Tanchoux, Pierre"]
[Black "Le Doussal, Steven"]
[Result "1/2-1/2"]
[WhiteElo "1393"]
[BlackElo "1465"]
[PlyCount "89"]
[EventDate "2016.05.05"]
[EventType "swiss"]
[EventRounds "7"]
[EventCountry "FRA"]
[SourceTitle "EXT 2024"]
[Source "ChessBase"]
[SourceDate "2023.10.10"]
[SourceVersion "1"]
[SourceVersionDate "2023.10.10"]
[SourceQuality "1"]

1. e4 e5 2. Nf3 Nc6 3. Bc4 Nf6 4. d3 Bc5 5. h3 0-0 6. 0-0 d5 7. exd5 Nxd5 8. Re1 Re8 9. Bxd5 Qxd5 10. Nc3 Qd8 11. a3 a6 12. Qe2 Bd6 13. Bg5 Qd7 14. Nd5 h6 15. Bxh6 Qe6 16. Nxc7 Bxc7 17. Bg5 Qg6 18. Qe4 Re6 19. Qxg6 Rxg6 20. Bh4 Bxh3 21. Bg3 Be6 22. Nxe5 Nxe5 23. Bxe5 Bxe5 24. Rxe5 Re8 25. Rae1 b5 26. f3 Rc8 27. c3 Rd8 28. d4 Bd5 29. Kf2 Re6 30. f4 Rxe5 31. Rxe5 Be6 32. f5 Bc4 33. g4 Rd5 34. Ke3 Rxe5+ 35. dxe5 Kh7 36. g5 f6 37. gxf6 gxf6 38. e6 Kg7 39. Kd4 Kf8 40. Ke4 Ke7 41. Kd4 Bb3 42. Ke4 Bc4 43. Kf4 Kd6 44. Ke4 Bd5+ 45. Kd4 1/2-1/2